000 00525 a2200169 4500
999 _c3945
_d3945
020 _a9781424069378
050 _aPE 1413WIL2009
100 _aWilson.Paige
245 _aThe least you should know about english writing skills fro A /
_cPaige Wilson and Teresa Ferster Glazier
250 _a10 th ed.
264 _aAustralia
_bCengage
_c2009
300 _avii.328p.
500 _aIncludes index
650 _aEnglish--- writing skills
700 _aGlazier Teresa Ferster
_eauthor
942 _2lcc
_cBK
_e10th ed.
_h1413
_iWIL
_kPE